| 000 | 01352nam0a22002891 4500 | ||
|---|---|---|---|
| 001 | rc\1393562 | ||
| 005 | 20260406111819.0 | ||
| 035 | _a(NLR Aleph) 005281992 | ||
| 090 |
_a6107680 _c6107680 |
||
| 100 | _a20060512d1869 |||y0rusy50 ca | ||
| 101 | 1 |
_arus _cger |
|
| 102 | _aRU | ||
| 105 | _ay z |||c| | ||
| 200 | 1 |
_aОчерк практической педагогики _eРуководство для пед. курсов и учит. семинарий _fСоч. д-ра Ф. Диттеса, дир. Учит. семинарий в Готе _gПер. с нем. под ред. И. Паульсона |
|
| 210 |
_aСанкт-Петербург _cД.Е. Кожанчиков _d1869 |
||
| 215 |
_aXVI, 352 с. _d17 |
||
| 320 | _aБиблиогр.: "Материалы для частной дидактики и методика первоначального обучения" в конце текста | ||
| 700 | 1 |
_aДиттес _bФ. _f1829-1896 _gФридрих |
|
| 702 | 1 |
_4340 _8rus _7ca _aПаульсон _bИ. И. _f1825-1898 _gИосиф Иванович _3RU\NLR\AUTH\77123956 _9106881 |
|
| 801 | 0 |
_aRU _bNLR _c20060512 _gpsbo |
|
| 801 | 0 |
_aRU _bRuMoRGB _c20060512 _2psbo |
|
| 801 | 1 |
_aRU _bProSoft-M _c20060512 _2rusmarc |
|
| 801 | 2 |
_aRU _bNLR _c20130723 _2rusmarc |
|
| 852 |
_aNLR _j18.123.6.13 |
||
| 852 |
_aNLR _j129/3305 |
||
| 942 | _cBOOK | ||
| 980 | _aNB | ||